ՀՀ Գիտությունների ազգային ակադեմիայի հիմնարար գիտական գրադարան  =   Fundamental Scientific Library of NAS RA

Արտեմ Հարությունյանի բանաստեղծական աշխարհը / (Record no. 366999)

MARC details
000 -LEADER
fixed length control field 00997nam a2200241 a 4500
001 - CONTROL NUMBER
control field 001144766
003 - CONTROL NUMBER IDENTIFIER
control field AM-YeHGA
005 - DATE AND TIME OF LATEST TRANSACTION
control field 20250618074528.0
008 - FIXED-LENGTH DATA ELEMENTS--GENERAL INFORMATION
fixed length control field 160428s2015 ai |||||||||||||||0|arm|d
020 ## - INTERNATIONAL STANDARD BOOK NUMBER
International Standard Book Number 9789939869025
040 ## - CATALOGING SOURCE
Original cataloging agency AM-YeHGA
041 0# - LANGUAGE CODE
Language code of text/sound track or separate title arm
090 ## - LOCALLY ASSIGNED LC-TYPE CALL NUMBER (OCLC); LOCAL CALL NUMBER (RLIN)
-- 368867
100 1# - MAIN ENTRY--PERSONAL NAME
Personal name Բախչինյան, Ֆելիքս Բարդուղիմեոսի,
Dates associated with a name 1950-2024
9 (RLIN) 2725
245 10 - TITLE STATEMENT
Title Արտեմ Հարությունյանի բանաստեղծական աշխարհը /
Statement of responsibility, etc. Ֆ.Բ. Բախչինյան ; Խմբ.՝ Հ.Խաչատրյան.
260 ## - PUBLICATION, DISTRIBUTION, ETC.
Place of publication, distribution, etc. Երևան :
Name of publisher, distributor, etc. Գասպրինտ,
Date of publication, distribution, etc. 2015.
300 ## - PHYSICAL DESCRIPTION
Extent 55 էջ ;
Dimensions 16 սմ.
600 14 - SUBJECT ADDED ENTRY--PERSONAL NAME
Personal name Հարությունյան, Արտեմ Միքայելի,
Dates associated with a name 1945-
9 (RLIN) 1160
650 10 - SUBJECT ADDED ENTRY--TOPICAL TERM
Topical term or geographic name entry element Հայ գրողների կյանքն ու գործունեությունը
9 (RLIN) 4515
650 14 - SUBJECT ADDED ENTRY--TOPICAL TERM
Topical term or geographic name entry element Հայ պոեզիա
General subdivision Պատմություն և քննադատություն
9 (RLIN) 6692
700 1# - ADDED ENTRY--PERSONAL NAME
Personal name Խաչատրյան, Հայարփի
Relator term խմբ.
Relationship edt
942 ## - ADDED ENTRY ELEMENTS (KOHA)
Source of classification or shelving scheme Universal Decimal Classification
Koha item type Գրքեր / Books
Holdings
Withdrawn status Lost status Damaged status Not for loan Collection Home library Current library Date acquired Cost, normal purchase price Shelving control number Total checkouts Full call number Barcode Date last seen Price effective from Koha item type Public note
        General Fundamental Scientific Library Fundamental Scientific Library 11/01/2017 500.00     AI/21286 FL0408605 11/01/2017 11/01/2017 Գրքեր / Books 30 Days Loan
        General Fundamental Scientific Library Fundamental Scientific Library 11/01/2017 500.00     AI/21287 FL0408606 11/01/2017 11/01/2017 Գրքեր / Books 30 Days Loan


ՀՀ ԳԱԱ հիմնարար գիտական գրադարան
ՀՀ,Երևան 0019
Մարշալ Բաղրամյան 24/6
հեռախոս:(374-10) 52-47-50
Հետադարձ կապ

All site content, except where otherwise noted, is licensed under a
Creative Commons License